00565nam a2200133 a 450000100100000000500170001000800410002704000250006824501380009326000500023130000280028195201050030999900170041400003830420201002031223.0130408s2006 dr a 000 0 spa d aDO-SdBNPbspacBNPHU00aForja de esperanza :bMemorias Intermón Oxfam en República Dominicana 1992-2005 /cOxfam Internacional en República Dominicana. aSanto Domingo :bOxfam Internacional ,c2006. a165 p. :bil. ;c23 cm. 0010718PDaPDbPDcCTd2013-04-08iLF1l0o p38304-10r2020-06-25w2020-06-25yLFPDZNo se presta c37794d37794